[Event "BL 0405 SF Katernberg - SC Eppingen"]
[Site "?"]
[Date "2005.03.12"]
[Round "12.8"]
[White "Siebrecht, Sebastian"]
[Black "Rau, Hannes"]
[Result "0-1"]
[WhiteElo "2366"]
[BlackElo "2384"]
[PlyCount "79"]
[EventDate "2005.??.??"]

1. c4 Nf6 2. Nf3 e6 3. Nc3 c5 4. g3 b6 5. Bg2 Bb7 6. O-O Be7 7. Re1 d6 8. e4 a6
9. d4 cxd4 10. Nxd4 Qc7 11. Be3 Nbd7 12. Rc1 O-O 13. f4 Rfe8 14. Bf2 Bf8 15.
Qe2 e5 16. Nf5 exf4 17. gxf4 g6 18. Nd5 Qd8 19. Nxf6+ Qxf6 20. Bd4 Qd8 21. Rc3
Nf6 22. e5 dxe5 23. Bxe5 Qc8 24. Bxb7 Qxb7 25. Ne3 Nd7 26. Nd5 f6 27. Qg2 Ra7
28. Rf1 fxe5 29. f5 Bc5+ 30. Kh1 Rf8 31. Rh3 Rf7 32. Rh6 Nf8 33. fxg6 Rxf1+ 34.
Qxf1 Nxg6 35. Qf5 Qc6 36. h4 Rf7 37. Qg5 Bf8 38. Qd8 Qxc4 39. Rxg6+ hxg6 40.
Nf6+ 0-1

[Event "BL 0405 SV Mülheim Nord - OSC Baden Bad"]
[Site "?"]
[Date "2005.03.12"]
[Round "12.1"]
[White "Svidler, Peter"]
[Black "Landa, Konstantin"]
[Result "1-0"]
[WhiteElo "2735"]
[BlackElo "2571"]
[PlyCount "103"]
[EventDate "2005.??.??"]

1. e4 e5 2. Nf3 Nf6 3. Nxe5 d6 4. Nf3 Nxe4 5. d4 d5 6. Bd3 Nc6 7. O-O Be7 8. c4
Nb4 9. Be2 O-O 10. Nc3 Bf5 11. a3 Nxc3 12. bxc3 Nc6 13. Re1 Re8 14. cxd5 Qxd5
15. Bf4 Rac8 16. h3 h6 17. c4 Qe4 18. Bg3 Qc2 19. Qxc2 Bxc2 20. d5 Na5 21. Nd4
Ba4 22. Bg4 Ra8 23. Bxc7 Nxc4 24. Rac1 Nxa3 25. d6 Bf6 26. Rxe8+ Bxe8 27. Bf3
Bd7 28. Bxb7 Rf8 29. Bc6 Bxc6 30. Nxc6 Nb5 31. Ba5 Nxd6 32. Bb4 Nb5 33. Bxf8
Kxf8 34. Rb1 a6 35. Nb8 Nc3 36. Rb7 Kg8 37. Nd7 Bg5 38. Rb8+ Kh7 39. Nf8+ Kg8
40. Ne6+ Kh7 41. Nxg5+ hxg5 42. Ra8 Ne2+ 43. Kh2 f6 44. Rxa6 Nd4 45. g3 Nf3+
46. Kg2 Ne5 47. Kf1 Kg6 48. Ke2 Kf5 49. Ra7 Kg6 50. Ke3 Nc6 51. Rc7 Ne5 52. f4
1-0

[Event "BL 0405 SV Mülheim Nord - OSC Baden Bad"]
[Site "?"]
[Date "2005.03.12"]
[Round "12.2"]
[White "Fridman, Daniel"]
[Black "Movsesian, Sergei"]
[Result "1-0"]
[WhiteElo "2578"]
[BlackElo "2629"]
[PlyCount "95"]
[EventDate "2005.??.??"]

1. d4 d5 2. Nf3 Nf6 3. c4 c6 4. Nc3 a6 5. e3 b5 6. b3 Bg4 7. Be2 Nbd7 8. O-O e6
9. h3 Bh5 10. Bb2 Bd6 11. Ne5 Bxe2 12. Nxe2 bxc4 13. bxc4 O-O 14. Rb1 Qc7 15.
Nxd7 Qxd7 16. Qa4 Rfb8 17. Ba3 Bxa3 18. Qxa3 Qc8 19. Nc3 Nd7 20. Qd6 Nb6 21.
cxd5 cxd5 22. Rxb6 Rxb6 23. Qxb6 Qxc3 24. Qb7 Qc8 25. Rb1 h6 26. a4 Qd8 27. a5
g6 28. g3 Kg7 29. Rc1 Qb8 30. Qxb8 Rxb8 31. Rc6 Rb1+ 32. Kg2 Ra1 33. Rxa6 g5
34. g4 Kf6 35. Ra7 Kg6 36. a6 Kf6 37. Ra8 Kg7 38. a7 Kf6 39. f3 Ra2+ 40. Kf1
Kg7 41. e4 Kf6 42. exd5 exd5 43. Ke1 Ra4 44. Ke2 Ke7 45. Kd3 Ra3+ 46. Kc2 Ra1
47. Kb3 Rb1+ 48. Ka2 1-0

[Event "BL 0405 SV Mülheim Nord - OSC Baden Bad"]
[Site "?"]
[Date "2005.03.12"]
[Round "12.3"]
[White "Krasenkow, Michal"]
[Black "Schebler, Gerhard"]
[Result "1-0"]
[WhiteElo "2676"]
[BlackElo "2496"]
[PlyCount "77"]
[EventDate "2005.??.??"]

1. Nf3 d6 2. d4 Bg4 3. c4 c6 4. e4 Nd7 5. Nc3 g6 6. Be3 e5 7. d5 Ngf6 8. h3
Bxf3 9. Qxf3 cxd5 10. cxd5 a6 11. g3 h5 12. h4 Ng4 13. Bg5 Be7 14. Bxe7 Kxe7
15. Bh3 Qb6 16. O-O Rac8 17. Qe2 Rcg8 18. Kg2 g5 19. Bxg4 hxg4 20. hxg5 Rxg5
21. Rh1 Rgg8 22. Rxh8 Rxh8 23. Nd1 Nf6 24. Rc1 Kd7 25. Ne3 Rg8 26. Rc4 Rc8 27.
Rxc8 Kxc8 28. Nxg4 Nxg4 29. Qxg4+ Kd8 30. b3 Qd4 31. Qf5 Ke7 32. g4 Qd1 33. g5
Qh5 34. Qf6+ Ke8 35. f3 Qh4 36. b4 b6 37. a4 b5 38. a5 Qh5 39. Qh6 1-0

[Event "BL 0405 SV Mülheim Nord - OSC Baden Bad"]
[Site "?"]
[Date "2005.03.12"]
[Round "12.4"]
[White "Lytchak, Alexander Dr"]
[Black "Dautov, Rustem"]
[Result "0-1"]
[WhiteElo "2436"]
[BlackElo "2623"]
[PlyCount "78"]
[EventDate "2005.??.??"]

1. d4 Nf6 2. Nf3 d5 3. c4 c6 4. cxd5 cxd5 5. Nc3 Nc6 6. Bf4 a6 7. Rc1 Nh5 8.
Bd2 e6 9. Ne5 Nf6 10. Nxc6 bxc6 11. e3 c5 12. dxc5 Bxc5 13. Nb5 Ne4 14. Bd3
axb5 15. Bxe4 Bd6 16. Bd3 b4 17. Qb3 Rb8 18. Rc6 O-O 19. O-O Re8 20. Ba6 Bxa6
21. Rxa6 Qc7 22. g3 Bf8 23. Rc1 Qb7 24. Rac6 Qb5 25. Qd1 Red8 26. Qf3 Qd3 27.
Be1 Ra8 28. Rc7 Qg6 29. b3 Rxa2 30. Qf4 Qf6 31. Qxf6 gxf6 32. Rb7 Rb2 33. Rcc7
Rxb3 34. Kg2 Rb1 35. Bd2 Rb2 36. Bc1 Ra2 37. e4 d4 38. Rxf7 Rc2 39. Bf4 e5 0-1

[Event "BL 0405 SV Mülheim Nord - OSC Baden Bad"]
[Site "?"]
[Date "2005.03.12"]
[Round "12.5"]
[White "Jobava, Baadur"]
[Black "Hausrath, Daniel"]
[Result "1/2-1/2"]
[WhiteElo "2614"]
[BlackElo "2478"]
[PlyCount "29"]
[EventDate "2005.??.??"]

1. d4 Nf6 2. c4 g6 3. Nc3 Bg7 4. e4 d6 5. Nf3 O-O 6. h3 e5 7. d5 a5 8. Bg5 h6
9. Be3 Na6 10. Be2 Nd7 11. h4 f5 12. h5 Nf6 13. hxg6 f4 14. Bd2 Nc5 15. Qc2
1/2-1/2

[Event "BL 0405 SV Mülheim Nord - OSC Baden Bad"]
[Site "?"]
[Date "2005.03.12"]
[Round "12.7"]
[White "Buhmann, Rainer"]
[Black "Sielecki, Christof"]
[Result "1-0"]
[WhiteElo "2521"]
[BlackElo "2375"]
[PlyCount "123"]
[EventDate "2005.??.??"]

1. Nf3 d5 2. d4 Nf6 3. c4 c6 4. e3 a6 5. Nbd2 Bf5 6. Be2 h6 7. O-O e6 8. c5 b6
9. cxb6 Qxb6 10. Qa4 Bd6 11. Nb3 O-O 12. Bd2 Nbd7 13. Rfc1 Rfc8 14. Qa5 Qb7 15.
Be1 Bg4 {(=)} 16. h3 Bxf3 17. Bxf3 Bc7 18. Qa3 Qb5 19. Rc2 a5 20. Be2 Qb6 21.
Qa4 Nb8 22. Rac1 Nfd7 23. h4 Bd8 24. h5 Qc7 25. Nc5 Nb6 26. Qb3 Be7 27. Na4
Nxa4 28. Qxa4 Qb6 29. a3 Ra7 30. Bd3 f5 31. f4 Bd8 32. g4 fxg4 33. Be2 Bf6 34.
Bxg4 Re8 35. Kh1 Kf7 36. Be2 Rc8 37. Bd3 Rcc7 38. Rg2 Ke7 39. Bc3 Nd7 40. Rcg1
Kf8 41. Rg6 c5 42. dxc5 Nxc5 43. Rxf6+ gxf6 44. Qd4 Nd7 45. Qxb6 Nxb6 46. Rg6
Nd7 47. Rxh6 Ke7 48. Kg2 e5 49. Bf5 exf4 50. exf4 Rc4 51. Rh7+ Kd6 52. Kf3 d4
53. Bd2 Rcc7 54. h6 Nf8 55. Rxc7 Kxc7 56. h7 Nxh7 57. Bxh7 Kd6 58. Bg8 Rb7 59.
b3 a4 60. bxa4 f5 61. Bb4+ Kc6 62. Be6 1-0

[Event "BL 0405 SV Mülheim Nord - OSC Baden Bad"]
[Site "?"]
[Date "2005.03.12"]
[Round "12.8"]
[White "Kaid, Almar"]
[Black "Doettling, Fabian"]
[Result "1/2-1/2"]
[WhiteElo "2275"]
[BlackElo "2526"]
[PlyCount "39"]
[EventDate "2005.??.??"]

1. c4 e6 2. g3 d5 3. Bg2 Nf6 4. Nf3 Be7 5. O-O O-O 6. d4 dxc4 7. Qc2 a6 8. Qxc4
b5 9. Qc2 Bb7 10. Bg5 Nbd7 11. Bxf6 Nxf6 12. Nbd2 Rc8 13. Nb3 Be4 14. Qc3 c6
15. Rfc1 Nd5 16. Qd2 Bb4 17. Qd1 Nb6 18. Ne5 Bxg2 19. Kxg2 Nc4 20. Nd3 1/2-1/2

[Event "BL 0405 SV Hofheim - Erfurter SK"]
[Site "?"]
[Date "2005.03.12"]
[Round "12.1"]
[White "Votava, Jan"]
[Black "Savchenko, Stanislav"]
[Result "1/2-1/2"]
[WhiteElo "2505"]
[BlackElo "2497"]
[PlyCount "46"]
[EventDate "2005.??.??"]

1. d4 d5 2. c4 c6 3. Nf3 Nf6 4. e3 a6 5. Bd3 Bg4 6. Nbd2 e6 7. O-O Nbd7 8. Qc2
Bh5 9. b3 Qb8 10. Bb2 Bd6 11. h3 Bg6 12. e4 dxe4 13. Nxe4 Nxe4 14. Bxe4 Bxe4
15. Qxe4 O-O 16. Rad1 Re8 17. d5 cxd5 18. cxd5 e5 19. Nh4 g6 20. Qg4 Nf6 21.
Qg5 Ne4 22. Qg4 Nf6 23. Qg5 Ne4 1/2-1/2

[Event "BL 0405 SV Hofheim - Erfurter SK"]
[Site "?"]
[Date "2005.03.12"]
[Round "12.2"]
[White "Hickl, Joerg"]
[Black "Kuczynski, Robert"]
[Result "1-0"]
[WhiteElo "2530"]
[BlackElo "2475"]
[PlyCount "119"]
[EventDate "2005.??.??"]

1. Nf3 f5 2. g3 Nf6 3. Bg2 g6 4. b4 Bg7 5. Bb2 O-O 6. O-O d6 7. c4 h6 8. d3 g5
9. Qb3 Qe8 10. Nc3 e5 11. Nd5 Nxd5 12. cxd5 f4 13. Rac1 Na6 14. Nd2 Bg4 15.
Rfe1 Rc8 16. Ne4 Bd7 17. a3 g4 18. Bc3 Qf7 19. Rf1 Kh8 20. Qc4 b5 21. Qa2 f3
22. exf3 gxf3 23. Bh1 Bc6 24. Bxe5 Bxd5 25. Bxg7+ Kxg7 26. Qb2+ Kh7 27. Rfe1
Qg7 28. Qd2 Nb8 29. Re3 Nc6 30. Nc3 Qg5 31. d4 Kg7 32. Nxb5 a6 33. Nc3 Rf7 34.
h4 Qf5 35. Rce1 Rcf8 36. Nxd5 Qxd5 37. Re4 Rf6 38. Qd3 h5 39. R1e3 Qb5 40. Qc3
Qd5 41. Qd3 Qf7 42. Re1 Qd5 43. Rd1 R8f7 44. Re3 Ne7 45. Qc3 Qa8 46. Qb3 Qf8
47. Rdd3 Nf5 48. Rxf3 Nxd4 49. Rxd4 Rxf3 50. Bxf3 Rxf3 51. Qc2 Qe7 52. Rd5 Qf7
53. Rg5+ Kh6 54. a4 Rb3 55. Rf5 Qg6 56. Qd2+ Kh7 57. Qd5 Rb1+ 58. Kg2 Kh6 59.
Qd2+ Kh7 60. Qc2 1-0

[Event "BL 0405 SV Hofheim - Erfurter SK"]
[Site "?"]
[Date "2005.03.12"]
[Round "12.3"]
[White "Machelett, Heiko"]
[Black "Ginsburg, Gennadi"]
[Result "1-0"]
[WhiteElo "2401"]
[BlackElo "2481"]
[PlyCount "121"]
[EventDate "2005.??.??"]

1. d4 d5 2. c4 e6 3. Nc3 Be7 4. Nf3 Nf6 5. Bg5 h6 6. Bh4 O-O 7. e3 Ne4 8. Bxe7
Qxe7 9. Rc1 c6 10. Bd3 Nxc3 11. Rxc3 Nd7 12. O-O a6 13. Qe2 dxc4 14. Bxc4 c5
15. dxc5 Nxc5 16. Qc2 b6 17. b4 Nd7 18. a3 Bb7 19. Be2 Rfc8 20. Rc1 a5 21. bxa5
Rxc3 22. Qxc3 bxa5 23. Rb1 Nf6 24. Nd4 Ne4 25. Qb2 Nc5 26. Bf3 Bxf3 27. Nxf3
Rd8 28. h3 Rd3 29. Qc2 Qd6 30. Nd4 e5 31. Nf5 Qd7 32. Nxh6+ gxh6 33. Qxc5 Rd1+
34. Rxd1 Qxd1+ 35. Kh2 Qd2 36. Qxe5 Kf8 37. Kg3 a4 38. Qc5+ Kg7 39. Qe5+ Kh7
40. Qf5+ Kg7 41. Qg4+ Kf8 42. Qxa4 Qd6+ 43. f4 Qd3 44. Qb4+ Kg8 45. Qc5 h5 46.
Kh2 Qd1 47. Qd4 Qe1 48. Qd8+ Kh7 49. Qf6 Qxe3 50. Qxf7+ Kh6 51. Qf6+ Kh7 52. a4
Qf2 53. a5 Qe3 54. a6 Qf2 55. Qf7+ Kh6 56. Qf6+ Kh7 57. Qf5+ Kg8 58. Qg5+ Kf8
59. f5 h4 60. f6 Ke8 61. a7 1-0

[Event "BL 0405 SV Hofheim - Erfurter SK"]
[Site "?"]
[Date "2005.03.12"]
[Round "12.4"]
[White "Krivoshey, Sergei"]
[Black "Casper, Thomas"]
[Result "1-0"]
[WhiteElo "2499"]
[BlackElo "2412"]
[PlyCount "77"]
[EventDate "2005.??.??"]

1. Nf3 Nf6 2. c4 d6 3. d4 Nbd7 4. Nc3 e5 5. e4 g6 6. Be2 Bg7 7. O-O O-O 8. Be3
c6 9. d5 cxd5 10. cxd5 Ng4 11. Bg5 f6 12. Bd2 Nh6 13. Qc2 a6 14. a4 Kh8 15. a5
f5 16. Ng5 Nc5 17. f3 Nf7 18. b4 Nxg5 19. bxc5 Bd7 20. Qb3 Rb8 21. Qb6 Bh6 22.
Kh1 dxc5 23. Qxd8 Rfxd8 24. Rab1 fxe4 25. fxe4 c4 26. Be1 Kg7 27. Bxc4 Nf7 28.
Bd3 Be3 29. Bg3 Bd4 30. Ne2 Bc5 31. Rxf7+ Kxf7 32. Bxe5 Rbc8 33. Rxb7 Ke8 34.
h3 Bb5 35. Bxb5+ axb5 36. Rxb5 Be3 37. Nf4 Rc4 38. Ne6 Rdc8 39. Ng7+ 1-0

[Event "BL 0405 SV Hofheim - Erfurter SK"]
[Site "?"]
[Date "2005.03.12"]
[Round "12.5"]
[White "Brueggemann, Joachim"]
[Black "Rechel, Bernd"]
[Result "0-1"]
[WhiteElo "2404"]
[BlackElo "2408"]
[PlyCount "106"]
[EventDate "2005.??.??"]

1. e4 c5 2. Nf3 d6 3. d4 cxd4 4. Nxd4 Nf6 5. Nc3 a6 6. Bg5 e6 7. Qe2 h6 8. Bh4
Be7 9. O-O-O Nxe4 10. Bxe7 Nxc3 11. Bxd8 Nxe2+ 12. Nxe2 Kxd8 13. Rxd6+ Ke7 14.
Rd2 b5 15. g3 Bb7 16. Rg1 Nd7 17. Nd4 Nf6 18. Bg2 Bxg2 19. Rxg2 Rac8 20. f3
Rhd8 21. Rge2 Rd5 22. Re3 Rc4 23. Red3 g5 24. Ne2 h5 25. b3 Rcc5 26. Nc3 Rxd3
27. Rxd3 g4 28. f4 h4 29. b4 Rc4 30. a3 h3 31. Kb2 Ne4 32. Nd1 f5 33. Kb3 Rc6
34. Kb2 Rd6 35. Kc1 e5 36. fxe5 Rxd3 37. cxd3 Nxg3 38. Ne3 Ke6 39. Kd2 Kxe5 40.
Ke1 Nh5 41. Kf2 Nf4 42. d4+ Ke4 43. Nc2 Nd5 44. Na1 Kxd4 45. Nb3+ Kc4 46. Na5+
Kc3 47. Nb7 Kb2 48. Nc5 Kxa3 49. Nxa6 Nxb4 50. Nc7 Nd3+ 51. Kg3 b4 52. Nb5+ Ka4
53. Nd4 b3 0-1

[Event "BL 0405 SV Hofheim - Erfurter SK"]
[Site "?"]
[Date "2005.03.12"]
[Round "12.6"]
[White "Zude, Erik Dr"]
[Black "Mueller, Matthias"]
[Result "1-0"]
[WhiteElo "2385"]
[BlackElo "2362"]
[PlyCount "47"]
[EventDate "2005.??.??"]

1. c4 e6 2. Nc3 d5 3. d4 c6 4. e4 dxe4 5. Nxe4 Bb4+ 6. Bd2 Qxd4 7. Bxb4 Qxe4+
8. Be2 c5 9. Bxc5 Qxg2 10. Qd6 Nd7 11. O-O-O Qg5+ 12. Be3 Qe7 13. Qc7 Ngf6 14.
Nf3 O-O 15. Ne5 Qd8 16. Qd6 Qa5 17. Nxd7 Nxd7 18. Rhg1 g6 19. h4 Qxa2 20. h5
Qa1+ 21. Kc2 Qa4+ 22. Kb1 Qc6 23. Qe7 Ne5 24. Rd8 1-0

[Event "BL 0405 SV Hofheim - Erfurter SK"]
[Site "?"]
[Date "2005.03.12"]
[Round "12.7"]
[White "Voekler, Bernd"]
[Black "Buchal, Stephan"]
[Result "1-0"]
[WhiteElo "2376"]
[BlackElo "2365"]
[PlyCount "49"]
[EventDate "2005.??.??"]

1. e4 g6 2. d4 Bg7 3. Nc3 d6 4. Bg5 Nd7 5. f4 c5 6. Nf3 cxd4 7. Nxd4 Ngf6 8.
Qf3 h6 9. Bh4 a6 10. O-O-O Qc7 11. h3 O-O 12. g4 e5 13. Nf5 gxf5 14. gxf5 Kh7
15. Rg1 Rg8 16. Bd3 b5 17. fxe5 dxe5 18. Nd5 Nxd5 19. exd5 Bf6 20. Qh5 e4 21.
Qxf7+ Rg7 22. Rxg7+ Bxg7 23. Rg1 Qf4+ 24. Kb1 Qe5 25. f6 1-0

[Event "BL 0405 SV Hofheim - Erfurter SK"]
[Site "?"]
[Date "2005.03.12"]
[Round "12.8"]
[White "Brendel, Oliver"]
[Black "Enders, Peter"]
[Result "0-1"]
[WhiteElo "2340"]
[BlackElo "2456"]
[PlyCount "74"]
[EventDate "2005.??.??"]

1. e4 c5 2. Nf3 Nc6 3. Nc3 d6 4. d4 cxd4 5. Nxd4 Nf6 6. Bc4 e6 7. Be3 Be7 8.
Bb3 a6 9. Qe2 Qc7 10. O-O-O Na5 11. g4 b5 12. g5 Nxb3+ 13. axb3 Nd7 14. Nf5
exf5 15. Nd5 Qd8 16. exf5 Bb7 17. Rhg1 Bxd5 18. Rxd5 O-O 19. f6 Nxf6 20. gxf6
Bxf6 21. Qd2 Qe7 22. Bf4 Rfe8 23. Bxd6 Qe6 24. Bf4 Rad8 25. Rd1 h6 26. Be3 Qh3
27. Qa5 Rxd5 28. Rxd5 Qf1+ 29. Rd1 Qe2 30. Qd2 Qh5 31. Qd5 Qxh2 32. Qb7 Qh5 33.
Rd7 a5 34. Kb1 Qe5 35. c3 b4 36. Bd4 Qf5+ 37. Ka2 Re1 0-1

[Event "BL 0405 SG Köln Porz - SV Werder Bremen"]
[Site "?"]
[Date "2005.03.12"]
[Round "12.3"]
[White "Efimenko, Zahar"]
[Black "Sokolov, Ivan"]
[Result "1/2-1/2"]
[WhiteElo "2594"]
[BlackElo "2663"]
[PlyCount "68"]
[EventDate "2005.??.??"]

1. e4 e5 2. Nf3 Nc6 3. Bb5 a6 4. Ba4 Nf6 5. O-O Nxe4 6. d4 b5 7. Bb3 d5 8. dxe5
Be6 9. Nbd2 Nc5 10. c3 Bg4 11. Bc2 Ne6 12. Re1 Bc5 13. Nb3 Ba7 14. a4 Ne7 15.
Be3 Bxe3 16. Rxe3 c5 17. Qb1 b4 18. Nh4 bxc3 19. bxc3 Rb8 20. Qe1 d4 21. Rg3 h5
22. cxd4 cxd4 23. h3 g5 24. Ng6 Nxg6 25. Bxg6 fxg6 26. hxg4 hxg4 27. Qe4 Nf4
28. Rd1 Qc7 29. Nxd4 Rd8 30. Rgd3 Nxd3 31. Qxg6+ Qf7 32. Qc6+ Qd7 33. Qg6+ Qf7
34. Qc6+ Qd7 1/2-1/2

[Event "BL 0405 SG Köln Porz - SV Werder Bremen"]
[Site "?"]
[Date "2005.03.12"]
[Round "12.6"]
[White "Graf, Alexander"]
[Black "Fish, Gennadij"]
[Result "0-1"]
[WhiteElo "2646"]
[BlackElo "2523"]
[PlyCount "70"]
[EventDate "2005.??.??"]

1. c4 Nf6 2. Nc3 c5 3. Nf3 g6 4. d4 cxd4 5. Nxd4 Nc6 6. Nc2 Bg7 7. e4 a6 8. Bd2
O-O 9. Be2 Rb8 10. Rc1 b5 11. cxb5 axb5 12. b4 d5 13. exd5 Nxd5 14. Nxb5 Ba6
15. a4 Bxb5 16. Bxb5 Nc3 17. Qf3 Ne5 18. Qxc3 Rxb5 19. Ke2 Rd5 20. Rcd1 Qa8 21.
Be3 Rc8 22. Qb3 Rxd1 23. Rxd1 Qxg2 24. Ne1 Qxh2 25. b5 Qh5+ 26. f3 Qh2+ 27. Bf2
Bf6 28. Rd4 Nc6 29. Re4 Nd4+ 30. Rxd4 Bxd4 31. Nd3 Rc3 32. Qd1 Rxd3 33. Kxd3
Qxf2 34. Kc4 Bb6 35. Qd5 Qa2+ 0-1

[Event "BL 0405 SG Köln Porz - SV Werder Bremen"]
[Site "?"]
[Date "2005.03.12"]
[Round "12.7"]
[White "Schandorff, Lars"]
[Black "Gurevich, Mikhail"]
[Result "1/2-1/2"]
[WhiteElo "2510"]
[BlackElo "2644"]
[PlyCount "122"]
[EventDate "2005.??.??"]

1. d4 d5 2. c4 c6 3. Nf3 Nf6 4. e3 Bf5 5. Nc3 e6 6. Nh4 Bg6 7. Be2 Nbd7 8. Bd2
Be7 9. Nxg6 hxg6 10. Qc2 Qc7 11. h3 Nb6 12. cxd5 exd5 13. O-O-O Nc4 14. Kb1
Nxd2+ 15. Rxd2 Bb4 16. Bd3 Qe7 17. Re2 O-O-O 18. Na4 Kb8 19. a3 Bd6 20. Nc3 Qc7
21. Rc1 g5 22. b4 Qe7 23. Qb3 Rc8 24. Ka1 g6 25. Rb1 Ne4 26. Bxe4 dxe4 27. Na4
f5 28. Qc2 Qf7 29. Nb2 Be7 30. Nc4 Qd5 31. Rc1 Bf6 32. Nd2 Rhd8 33. Kb1 b6 34.
Nb3 Kb7 35. Qc4 Qxc4 36. Rxc4 Rd6 37. Rec2 Rcd8 38. Nd2 R8d7 39. Kc1 Re6 40.
Kd1 Be7 41. Ke2 Rd5 42. Rb2 a5 43. bxa5 Rxa5 44. a4 Ra8 45. Nb3 Rf6 46. Nd2 Kc7
47. Rbc2 Rd6 48. Rb2 Ra6 49. Rbc2 Kd7 50. Nb3 Ra7 51. Rb4 Kc7 52. Rbc4 Kd7 53.
Rb4 Kc7 54. Rbc4 Ra8 55. Nd2 Kb7 56. Rb2 Rd5 57. Rbc2 Rc8 58. Nb3 Bd6 59. Rb2
Kc7 60. Rbc2 Kd7 61. Rc1 Rc7 1/2-1/2

[Event "BL 0405 SG Köln Porz - SV Werder Bremen"]
[Site "?"]
[Date "2005.03.12"]
[Round "12.8"]
[White "Hansen, Curt"]
[Black "Knaak, Rainer"]
[Result "1/2-1/2"]
[WhiteElo "2633"]
[BlackElo "2486"]
[PlyCount "40"]
[EventDate "2005.??.??"]

1. c4 e6 2. Nf3 d5 3. g3 dxc4 4. Qa4+ c6 5. Qxc4 b5 6. Qb3 Nd7 7. Bg2 Bb7 8. d4
a6 9. a4 c5 10. axb5 c4 11. Qc2 axb5 12. Rxa8 Qxa8 13. Nc3 Qa6 14. O-O Ngf6 15.
e4 Be7 16. e5 Nd5 17. Bg5 Bb4 18. Bd2 Be7 19. Bg5 Bb4 20. Bd2 Be7 1/2-1/2

[Event "BL 0405 SFR Neukoelln - SV Wattenscheid"]
[Site "?"]
[Date "2005.03.12"]
[Round "12.2"]
[White "Nataf, Igor-Alexandre"]
[Black "Rustemov, Alexander"]
[Result "1-0"]
[WhiteElo "2565"]
[BlackElo "2602"]
[PlyCount "79"]
[EventDate "2005.??.??"]

1. e4 e6 2. d4 d5 3. Nc3 Nf6 4. Bg5 dxe4 5. Nxe4 Nbd7 6. Nf3 Be7 7. Nxf6+ Bxf6
8. h4 c5 9. dxc5 Nxc5 10. Qxd8+ Bxd8 11. O-O-O f6 12. Bb5+ Bd7 13. Bxd7+ Nxd7
14. Be3 e5 15. Nd2 Bb6 16. Bxb6 axb6 17. Nc4 Ke7 18. Rxd7+ Kxd7 19. Nxb6+ Ke6
20. Nxa8 Rxa8 21. a3 Ra4 22. Kd2 f5 23. Rh3 Rg4 24. Rb3 Rxg2 25. Ke2 e4 26. Ke3
Rh2 27. Rxb7 Rh3+ 28. Kd4 Rf3 29. a4 Rxf2 30. a5 Rd2+ 31. Ke3 Rd1 32. a6 Re1+
33. Kf2 Ra1 34. a7 g6 35. b4 f4 36. b5 Kf5 37. b6 e3+ 38. Ke2 Ra2 39. Kf3 Rxc2
40. Rf7+ 1-0

[Event "BL 0405 SFR Neukoelln - SV Wattenscheid"]
[Site "?"]
[Date "2005.03.12"]
[Round "12.3"]
[White "Handke, Florian"]
[Black "Polzin, Rainer"]
[Result "0-1"]
[WhiteElo "2467"]
[BlackElo "2517"]
[PlyCount "72"]
[EventDate "2005.??.??"]

1. d4 Nf6 2. c4 g6 3. Nc3 Bg7 4. e4 d6 5. Nf3 O-O 6. Be2 e5 7. Be3 exd4 8. Nxd4
Re8 9. f3 c6 10. Bf2 d5 11. exd5 cxd5 12. O-O Nc6 13. c5 Be6 14. Qd2 Nh5 15.
Rfd1 Qf6 16. g3 Nxd4 17. Bxd4 Qxd4+ 18. Qxd4 Bxd4+ 19. Rxd4 Rec8 20. b4 b6 21.
Ba6 bxc5 22. Rdd1 cxb4 23. Bxc8 Rxc8 24. Nxd5 Rc4 25. Rd2 a5 26. g4 Nf4 27.
Nxf4 Rxf4 28. Kf2 Rc4 29. Re1 a4 30. Re5 b3 31. a3 Kg7 32. Ra5 h6 33. h4 h5 34.
gxh5 Rxh4 35. hxg6 Rh2+ 36. Ke3 b2 0-1

[Event "BL 0405 SFR Neukoelln - SV Wattenscheid"]
[Site "?"]
[Date "2005.03.12"]
[Round "12.4"]
[White "Borriss, Martin Dr"]
[Black "Appel, Ralf"]
[Result "0-1"]
[WhiteElo "2439"]
[BlackElo "2507"]
[PlyCount "108"]
[EventDate "2005.??.??"]

1. e4 Nf6 2. e5 Nd5 3. d4 d6 4. c4 Nb6 5. exd6 exd6 6. Nc3 Be7 7. Be2 O-O 8.
Nf3 c6 9. O-O Bg4 10. Qd3 Na6 11. a3 Nc7 12. h3 Bh5 13. b3 Re8 14. Be3 d5 15.
c5 Nd7 16. b4 Ne6 17. g4 Bg6 18. Qd2 f5 19. Ne1 f4 20. Bxf4 Nxf4 21. Qxf4 Bg5
22. Qg3 Qf6 23. Rd1 Bf4 24. Qf3 Nf8 25. Bd3 Ne6 26. Bxg6 hxg6 27. Nd3 Ng5 28.
Qg2 Bc7 29. Ne1 Ne6 30. Ne2 Nxc5 31. dxc5 Rxe2 32. Nf3 Rf8 33. Rd3 Qe7 34. Rfd1
Rf4 35. Rd4 Qf6 36. Rxf4 Qxf4 37. Rd4 Re4 38. Rxe4 dxe4 39. Nh2 e3 40. fxe3
Qxe3+ 41. Kh1 Qxa3 42. Nf3 Qa1+ 43. Qg1 Qxg1+ 44. Kxg1 Kf7 45. Kf2 Ke6 46. Ke3
Kd5 47. Kd3 Bd8 48. Nd2 a5 49. bxa5 Bxa5 50. Ne4 Bd8 51. Nd6 b5 52. Nf7 Be7 53.
g5 Ke6 54. Nh8 Kf5 0-1

[Event "BL 0405 SFR Neukoelln - SV Wattenscheid"]
[Site "?"]
[Date "2005.03.12"]
[Round "12.5"]
[White "Holzke, Frank Dr"]
[Black "Berndt, Stephan"]
[Result "0-1"]
[WhiteElo "2492"]
[BlackElo "2438"]
[PlyCount "96"]
[EventDate "2005.??.??"]

1. e4 c5 2. Nf3 d6 3. d4 cxd4 4. Nxd4 Nf6 5. Nc3 g6 6. Be3 Bg7 7. f3 O-O 8. Qd2
Nc6 9. O-O-O d5 10. exd5 Nxd5 11. Nxc6 bxc6 12. Bd4 Bxd4 13. Qxd4 Qb6 14. Nxd5
cxd5 15. Qxd5 Bf5 16. Bc4 Rac8 17. Bb3 Rc5 18. Qd4 Rfc8 19. c3 e5 20. Qd2 Qa5
21. Rdf1 Rxc3+ 22. bxc3 Rxc3+ 23. Kd1 Rd3 24. Rf2 Qc3 25. Ke1 Rxd2 26. Rxd2 Bd3
27. h4 h5 28. Bd1 a5 29. Be2 Bb1 30. Kd1 Kg7 31. Rf1 a4 32. Ba6 Bf5 33. Ke2 e4
34. Rfd1 e3 35. Rd6 Qb2+ 36. Kxe3 Qxa2 37. R1d2 Qb3+ 38. Kf2 a3 39. Be2 Qc3 40.
R6d5 Bb1 41. g3 a2 42. Rxa2 Bxa2 43. Rd3 Qc1 44. Re3 Qh1 45. Bf1 Qh2+ 46. Bg2
Be6 47. Rxe6 fxe6 48. f4 Kf6 0-1

[Event "BL 0405 SFR Neukoelln - SV Wattenscheid"]
[Site "?"]
[Date "2005.03.12"]
[Round "12.6"]
[White "Thiede, Lars"]
[Black "Dinstuhl, Volkmar Dr"]
[Result "1/2-1/2"]
[WhiteElo "2442"]
[BlackElo "2420"]
[PlyCount "63"]
[EventDate "2005.??.??"]

1. c4 Nf6 2. g3 d5 3. cxd5 Nxd5 4. Bg2 e5 5. Nf3 Nc6 6. O-O Be7 7. d4 exd4 8.
Nxd4 Nxd4 9. Qxd4 Nf6 10. Qa4+ c6 11. Rd1 Qb6 12. Be3 Bc5 13. Bxc5 Qxc5 14. Nc3
O-O 15. Rd4 Be6 16. Rad1 a5 17. R1d2 b5 18. Qd1 Rac8 19. Ne4 Nxe4 20. Bxe4 b4
21. e3 g6 22. b3 Qe7 23. Bb1 c5 24. Rd6 c4 25. Bc2 cxb3 26. Bxb3 Bxb3 27. axb3
Rc3 28. Rd7 Qe4 29. R2d4 Qc6 30. R4d6 Qe4 31. Rd4 Qc6 32. R4d6 1/2-1/2

[Event "BL 0405 SFR Neukoelln - SV Wattenscheid"]
[Site "?"]
[Date "2005.03.12"]
[Round "12.7"]
[White "Ellers, Holger"]
[Black "Schwarz, Michael"]
[Result "1/2-1/2"]
[WhiteElo "2407"]
[BlackElo "2408"]
[PlyCount "75"]
[EventDate "2005.??.??"]

1. d4 Nf6 2. c4 e6 3. g3 Bb4+ 4. Bd2 Qe7 5. Bg2 O-O 6. e3 e5 7. dxe5 Bxd2+ 8.
Qxd2 Qxe5 9. Nc3 d6 10. Nf3 Qh5 11. h3 Nc6 12. Nb5 Be6 13. Qe2 a6 14. Nc3 Qc5
15. Nd2 Ne5 16. b3 Bf5 17. Nde4 Nxe4 18. Nxe4 Bxe4 19. Bxe4 d5 20. Bxd5 c6 21.
Bg2 Qa5+ 22. Qd2 Nd3+ 23. Ke2 Qxd2+ 24. Kxd2 Nxf2 25. Rhf1 Rad8+ 26. Kc3 Nd3
27. Rad1 Ne5 28. Rd4 Rde8 29. Rfd1 g6 30. c5 Kg7 31. Kb4 a5+ 32. Kxa5 Ra8+ 33.
Kb6 Rxa2 34. Bf1 Ra3 35. Rb4 Re8 36. Kxb7 Raa8 37. Rdd4 f6 38. Kb6 1/2-1/2

[Event "BL 0405 SFR Neukoelln - SV Wattenscheid"]
[Site "?"]
[Date "2005.03.12"]
[Round "12.8"]
[White "Rudolf, Henrik"]
[Black "Straeter, Timo"]
[Result "1-0"]
[WhiteElo "2322"]
[BlackElo "2348"]
[PlyCount "97"]
[EventDate "2005.??.??"]

1. e4 e5 2. Nf3 Nc6 3. Bb5 g6 4. c3 a6 5. Ba4 d6 6. d4 Bd7 7. O-O Bg7 8. d5
Nce7 9. Bxd7+ Qxd7 10. c4 Bh6 11. Nc3 Bxc1 12. Rxc1 Nf6 13. c5 O-O 14. a4 Nh5
15. a5 Nf4 16. Ne2 f5 17. Nxf4 exf4 18. cxd6 cxd6 19. Qd4 fxe4 20. Qxe4 Rf5 21.
Rcd1 Raf8 22. Rfe1 R8f7 23. h4 h6 24. Qe6 Qc7 25. b4 b6 26. Rc1 Qd8 27. Nd4
R5f6 28. Qe4 bxa5 29. Ne6 Qb6 30. bxa5 Qxa5 31. Red1 f3 32. g3 Rf5 33. Ra1 Qb5
34. Nd8 Re5 35. Qg4 h5 36. Qa4 Rf6 37. Qxb5 axb5 38. Nc6 Nxc6 39. dxc6 Rc5 40.
Ra8+ Kf7 41. Ra7+ Ke6 42. Re1+ Kf5 43. c7 d5 44. Re3 Kg4 45. Kh2 Rc2 46. Ra2
Rxc7 47. Rd2 Rc4 48. Rxd5 Rf5 49. Rde5 1-0